Indian literature: (Record no. 181749)

MARC details
000 -LEADER
fixed length control field 00708nam a22001937a 4500
005 - DATE AND TIME OF LATEST TRANSACTION
control field 20221017162211.0
010 ## - LCCN (DPL NO)
LC control number B-746001
020 ## - INTERNATIONAL STANDARD BOOK NUMBER
International Standard Book Number 9788126930081
Terms of availability 595.00
035 ## - SYSTEM CONTROL NUMBER
System control number B-746001
037 ## - SOURCE OF ACQUISITION
Source of stock number/acquisition Atlantic Publishers & Distributors
082 ## - DEWEY DECIMAL CLASSIFICATION NUMBER
Classification number 891.109
100 ## - MAIN ENTRY--PERSONAL NAME
Personal name Bhelkar, Ratnakar D.
245 ## - TITLE STATEMENT
Title Indian literature:
Remainder of title translated texts, indianness and beyond /
Statement of responsibility, etc by Ratnakar D. Bhelkar
260 ## - PUBLICATION, DISTRIBUTION, ETC. (IMPRINT)
Place of publication, distribution, etc New Delhi
Name of publisher, distributor, etc Atlantic Publishers & Distributors
Date of publication, distribution, etc 2019
270 ## - ADDRESS
Address 7/22 ,Ansari Road, Daryaganj,
City New Delhi
Postal code 110002
300 ## - PHYSICAL DESCRIPTION
Extent vi, 164p.
Dimensions 22cm(Hb)
942 ## - ADDED ENTRY ELEMENTS (KOHA)
Source of classification or shelving scheme Dewey Decimal Classification
Item type English Books
Call number suffix BHE
Classification part 891.109
Holdings
Withdrawn status Lost status Not for loan Collection code Home library Current library Date acquired Source of acquisition Cost, normal purchase price Full call number Barcode Copy number Cost, replacement price Koha item type
      Non-fiction Central Library Central Library 17/10/2022 Gift 595.00 891.109 BHE B-746001 1 595.00 English Books

© Delhi Public Library
Hit Counter
free hit counter